Visualizzazione normale
Vista MARC
- Brook Michael
di Personal Name
Records bibliografici associati: 1
001 - CONTROL NUMBER
- control field: 23810
003 - CONTROL NUMBER IDENTIFIER
- control field: IT-RoPau
005 - DATE AND TIME OF LATEST TRANSACTION
- control field: 20140504155214.0
008 - FIXED-LENGTH DATA ELEMENTS
- fixed length control field: 140504|| aca||aabn | a|a d
040 ## - CATALOGING SOURCE
- Original cataloging agency: IT-RoPau
- Transcribing agency: IT-RoPau
100 ## - HEADING--PERSONAL NAME
- Personal name: Brook Michael
- Miscellaneous information: Codice autore musica SPICS: 13127
- Relator term: Autore musica
- Name of part/section of a work: La storia vera di Lupita Mendera
670 ## - SOURCE DATA FOUND
- Source citation: Work cat.: (IT-RoPau)101483: De Sio Teresa 1907, Sindarella suite (Lp 834 359)